Vznik a činnosť Slovenskej angiologickej spoločnosti

Bibliographic Details
Main Author: Gavorník, Peter, 1948- (Author)
Format: Article
Language:Slovak
ISSN:1335-0234
Subjects:

MARC

LEADER 00000nab a2200000 a 4500
001 vtls000507027
003 SK-MaSNL
005 20260304090423.0
008 250425c1994 xo 0 slo
015 |a SNBRB19rr/mm-uuuuu 
035 |a CL0507165 
035 |a urn:nbn:sk:snk-abcmw 
035 |a (urnnbn)urn:nbn:sk:snk:ar-a054io 
035 |a (uuid)8203d907-8179-4d36-bbd9-1e5b1f20de7d 
040 |a SNKBUCL  |b slo  |c SNKBUCL  |e AACR2 
041 0 |a slo 
044 |a xo  |c SK 
080 |a 616.13/.14:061.22  |2 1981 
100 1 |a Gavorník, Peter,  |d 1948-  |4 aut  |9 201242 
245 1 0 |a Vznik a činnosť Slovenskej angiologickej spoločnosti  |c Peter Gavorník 
650 0 7 |a Slovenská angiologická spoločnosť  |2 snkbucl  |9 1381110 
655 7 |a články z novín a časopisov  |2 snkbucl  |9 267496 
773 0 |t Slovenský lekár  |g Roč. 4 (18), č. 1-2 (1994), s. 48  |x 1335-0234 
850 |a Slovenská národná knižnica 
852 |a Slovenská národná knižnica 
954 |a odborná, vedecká literatúra pôvodná (slovenská)  |2 lita 
958 |a article27 
958 |a RK 
958 |a MI 
958 |a OND 
958 |a EUIPO 
992 |a RBX 
999 |c 2811397  |d 2813327